000 01511cab a2200241 4500
001 ##L133024
008 060404n2006 000 0 eng u
035 _a(Sirsi) u133024
041 0 _aeng
100 1 _aBishop, Phil
245 0 3 _aAn ideal for building
260 _c2006
490 0 _aContract Journal
_v432(6568) 29 March 2006, 20-22(3)
520 _aLooks at the implications for the construction industry of the imminent changes to the building regulations. Buildings will now have to be assessed on the basis of the performance of the entire building, rather of each element, so that the on-site building process will have to be more tightly controlled. Offsite construction and building services engineers are likely to be the biggest beneficiaries of the new regulations. There is a general acceptance that there will be a period of transition whilst the industry adjusts to the new ways of working required by the revisions to the regulations. A separate article outlines the main changes to the Building Regulations.
590 _aIKA110406, KA
650 2 4 _aBUILDING REGULATIONS 2000 APPROVED DOCUMENT F (2006 EDITION)
650 2 4 _aBUILDING REGULATIONS 2000 APPROVED DOCUMENT L1A (2006 EDITION)
650 2 4 _aBUILDING REGULATIONS 2000 APPROVED DOCUMENT L1B (2006 EDITION)
650 2 4 _aBUILDING REGULATIONS 2000 APPROVED DOCUMENT L2A (2006 EDITION)
650 2 4 _aBUILDING REGULATIONS 2000 APPROVED DOCUMENT L2B (2006 EDITION)
690 _aBuilding regulations
_96224
942 _n0
999 _c76748
_d76748